000 00428nam a2200157Ia 4500
008 230524s9999 xx 000 0 und d
082 _a1.42
_bPAV
100 _aThomas W.Pavkov/ Kent A. Pierce
245 0 _a"Ready, Set, Go! A Student Guide to SPSS - 13.0 & 14.0 for Windows"
250 _a2ND
260 _aNEW DELHI
_bTMH
_c2010
300 _aVI;88
500 _aQuantity Number: 5
650 _aManagement
942 _cBK
999 _c49201
_d49201